|
|
|
|
| LEADER |
00000cam a22000004a 4500 |
| 001 |
musev2_75422 |
| 003 |
MdBmJHUP |
| 005 |
20230905051806.0 |
| 006 |
m o d |
| 007 |
cr||||||||nn|n |
| 008 |
021204s2002 nju o 00 0 eng d |
| 020 |
|
|
|a 9780691214283
|
| 020 |
|
|
|z 9780691088440
|
| 020 |
|
|
|z 9780691088457
|
| 035 |
|
|
|a (OCoLC)1159003096
|
| 040 |
|
|
|a MdBmJHUP
|c MdBmJHUP
|
| 100 |
1 |
|
|a Navaro-Yashin, Yael.
|
| 245 |
1 |
0 |
|a Faces of the State :
|b Secularism and Public Life in Turkey /
|c Yael Navaro-Yashin.
|
| 264 |
|
1 |
|a Princeton :
|b Princeton Univ. Press,
|c 2002.
|
| 264 |
|
3 |
|a Baltimore, Md. :
|b Project MUSE,
|c 2021
|
| 264 |
|
4 |
|c ©2002.
|
| 300 |
|
|
|a 1 online resource.
|
| 336 |
|
|
|a text
|b txt
|2 rdacontent
|
| 337 |
|
|
|a computer
|b c
|2 rdamedia
|
| 338 |
|
|
|a online resource
|b cr
|2 rdacarrier
|
| 588 |
|
|
|a Description based on print version record.
|
| 650 |
|
7 |
|a Säkularismus.
|2 idszbz
|
| 650 |
|
7 |
|a Islam
|x Säkularisation
|z Türkei.
|2 idsbb
|
| 650 |
|
7 |
|a Säkularisation
|x Islam
|z Türkei.
|2 idsbb
|
| 650 |
|
7 |
|a Staat
|x Islam
|z Türkei.
|2 idsbb
|
| 650 |
|
7 |
|a Islam
|x Staat
|z Türkei.
|2 idsbb
|
| 650 |
|
7 |
|a Islam
|2 gnd
|
| 650 |
|
7 |
|a Säkularismus
|2 gnd
|
| 650 |
|
7 |
|a Politische Kultur
|2 gnd
|
| 650 |
|
7 |
|a Islam and secularism.
|2 fast
|0 (OCoLC)fst00979887
|
| 650 |
|
0 |
|a Islam and secularism
|z Turkey.
|
| 651 |
|
7 |
|a Türkei.
|2 idszbz
|
| 651 |
|
7 |
|a Türkei
|2 gnd
|
| 651 |
|
7 |
|a Turkey.
|2 fast
|0 (OCoLC)fst01208963
|
| 655 |
|
7 |
|a Electronic books.
|2 local
|
| 710 |
2 |
|
|a Project Muse.
|e distributor
|
| 830 |
|
0 |
|a Book collections on Project MUSE.
|
| 856 |
4 |
0 |
|z Texto completo
|u https://projectmuse.uam.elogim.com/book/75422/
|
| 945 |
|
|
|a Project MUSE - Custom Collection
|
| 945 |
|
|
|a Project MUSE - Archive Complete Supplement IX
|
| 945 |
|
|
|a Project MUSE - Archive Political Science and Policy Studies Supplement IX
|
| 945 |
|
|
|a Project MUSE - Archive Middle Eastern Studies Supplement VI
|